| 000 | 00619cam a22002171 4500 | ||
|---|---|---|---|
| 001 | he 66000890 | ||
| 003 | DLC | ||
| 005 | 20260227111438.0 | ||
| 008 | 860912s1966 is b 000 0 hebo | ||
| 010 | _ahe 66000890 | ||
| 035 | _a(OCoLC)14211851 | ||
| 040 |
_aDLC _cCU _dOCoLC _dDLC |
||
| 042 | _apremarc | ||
| 050 | 0 | 0 |
_aHD5650 _b.Y3 |
| 100 | 1 | _aYagol, Yona. | |
| 245 | 1 | 0 |
_aDemoḳraṭyah taʻasiyatit be-Yiśraʼel, _cme-et Yonah Yagol. |
| 260 |
_a[Tel-Aviv] _bTarbut ṿe-Ḥinukh _c[1966] |
||
| 300 |
_a193 p. _c22 cm. |
||
| 504 | _a"Meḳorot": p. [189]-193. | ||
| 650 | 0 |
_aManagement _xEmployee participation. |
|
| 999 |
_c31738 _d31738 |
||